Interference analysis and reduction for wireless systms (Record no. 575832)

000 -LEADER
fixed length control field 00563nam a22001817a 4500
003 - CONTROL NUMBER IDENTIFIER
control field CEME
005 - DATE AND TIME OF LATEST TRANSACTION
control field 20210628204013.0
008 - FIXED-LENGTH DATA ELEMENTS--GENERAL INFORMATION
fixed length control field 210126b xxu||||| |||| 00| 0 eng d
020 ## - INTERNATIONAL STANDARD BOOK NUMBER
International Standard Book Number 1-58053-316-7
040 ## - CATALOGING SOURCE
Transcribing agency .
082 ## - DEWEY DECIMAL CLASSIFICATION NUMBER
Classification number 621.38224 STA
100 ## - MAIN ENTRY--PERSONAL NAME
Personal name Stavroulakis, Peter
9 (RLIN) 61548
245 ## - TITLE STATEMENT
Title Interference analysis and reduction for wireless systms
260 ## - PUBLICATION, DISTRIBUTION, ETC.
Place of publication, distribution, etc. LONDON
Name of publisher, distributor, etc. ARTECH HOUSE
Date of publication, distribution, etc. 2003
300 ## - PHYSICAL DESCRIPTION
Extent XIX,407P
650 ## - SUBJECT ADDED ENTRY--TOPICAL TERM
Topical term or geographic name entry element WIRELESS COMMUNICATION SYSTEMS, ELECTROMAGNETIC INTERFERENCE.CELLULAR TELEPHONE SYSTEMS-PROTECTION
9 (RLIN) 68207
942 ## - ADDED ENTRY ELEMENTS (KOHA)
Koha item type Book
Source of classification or shelving scheme
Holdings
Withdrawn status Lost status Damaged status Not for loan Permanent Location Current Location Shelving location Date acquired Total Checkouts Full call number Barcode Date last seen Price effective from Koha item type
        College of Electrical & Mechanical Engineering (CEME) College of Electrical & Mechanical Engineering (CEME) General Stacks 04/14/2017   621.38224 STA CEME-39041 06/28/2021 06/28/2021 Book
© 2023 Central Library, National University of Sciences and Technology. All Rights Reserved.